000
00302nam a2200109Ia 4500
008
230907s9999||||xx |||||||||||||| ||und||
082
_a
519.3
_b
STO
245
0
_a
Stochastic optimization /
260
_a
Kluwer Academic Publishers,
_b
Dordrecht ; | Boston :
_c
2001
300
_a
xii, 435 p. :
942
_c
BK
999
_c
598539
_d
598539